[Event "Women's Speed Chess Q6"]
[Site "chess.com INT"]
[Date "2021.06.05"]
[Round "11"]
[White "Buksa, Nataliya"]
[Black "Vo, Thi Kim Phung"]
[Result "0-1"]
[WhiteTitle "IM"]
[BlackTitle "WGM"]
[WhiteElo "2413"]
[BlackElo "2335"]
[WhiteFideId "14123622"]
[BlackFideId "12401838"]
[EventDate "2021.06.05"]

1. d4 Nf6 2. Nc3 e6 3. e4 d5 4. e5 Nfd7 5. f4 c5 6. Nf3 Nc6 7. Be3 Be7 8. Qd2 c4
9. g3 b5 10. a3 a6 11. Bg2 Nb6 12. O-O O-O 13. h3 Rb8 14. Kh2 Na4 15. Nxa4 bxa4
16. c3 Na5 17. Rae1 Rb3 18. Qe2 Qb6 19. Bc1 Rb5 20. Rf2 Nb3 21. Be3 Bd7 22. h4
Rb8 23. Bh3 Na5 24. Bc1 Nb3 25. Be3 Na5 26. Rb1 Bxa3 27. f5 exf5 28. Ng5 h6 29.
Nf3 Rxb2 30. Rxb2 Qxb2 31. Nd2 Qxc3 32. Bxf5 Bxf5 33. Rxf5 Qd3 34. Qg4 Qxe3 35.
e6 Qxe6 36. Qf3 Rb2 37. Qf2 c3 38. Kh3 Rxd2 0-1

[Event "Women's Speed Chess Q6"]
[Site "chess.com INT"]
[Date "2021.06.05"]
[Round "11"]
[White "Kulkarni, Bhakti"]
[Black "Mammadova, Gulnar"]
[Result "0-1"]
[WhiteTitle "IM"]
[BlackTitle "IM"]
[WhiteElo "2391"]
[BlackElo "2382"]
[WhiteFideId "5019516"]
[BlackFideId "13403508"]
[EventDate "2021.06.05"]

1. d4 g6 2. Nf3 Bg7 3. g3 d6 4. Bg2 Nd7 5. O-O e5 6. dxe5 dxe5 7. c4 Ne7 8. Nc3
O-O 9. b3 e4 10. Nd4 c5 11. Ndb5 a6 12. Bb2 axb5 13. cxb5 f5 14. Qc2 Ne5 15. a4
Be6 16. Rfd1 Qe8 17. Ba3 Rc8 18. a5 Qf7 19. Rab1 Ng4 20. h3 Nf6 21. Na4 Nd7 22.
e3 Nd5 23. Bf1 Nb4 24. Qd2 Ne5 25. Qd6 Nf3+ 26. Kg2 Be5 27. Qb6 Nd5 28. Rxd5
Bxd5 29. Bxc5 Rfe8 30. b4 Bc7 31. Qa7 Bb8 32. Qb6 Re6 33. Rd1 Rxb6 34. Nxb6 Rd8
35. Nxd5 Rxd5 36. Rc1 Ne5 37. a6 bxa6 38. bxa6 Nd3 39. Rc3 Ba7 40. Bxa7 Qxa7 41.
Rc8+ Kg7 42. b5 Rxb5 0-1

[Event "Women's Speed Chess Q6"]
[Site "chess.com INT"]
[Date "2021.06.05"]
[Round "11"]
[White "Vu, Bui Thi Thanh Van"]
[Black "Steil-Antoni, Fiona"]
[Result "1-0"]
[WhiteTitle "WFM"]
[BlackTitle "WIM"]
[WhiteElo "1750"]
[BlackElo "2129"]
[WhiteFideId "12408921"]
[BlackFideId "4001249"]
[EventDate "2021.06.05"]

1. d4 d6 2. Nf3 Bg4 3. Nbd2 Nf6 4. e4 Nbd7 5. Be2 e5 6. dxe5 dxe5 7. O-O Bc5 8.
b3 O-O 9. Bb2 Re8 10. Nh4 Bxe2 11. Qxe2 Nf8 12. Nf5 c6 13. Nc4 Qc7 14. Rad1 Rad8
15. Qf3 b5 16. Nce3 Ne6 17. Ng4 Nxg4 18. Qxg4 Kh8 19. Kh1 Bd4 20. Bc1 Rd7 21.
Rd3 c5 22. Rh3 g6 23. Qh4 f6 24. Qxf6+ Ng7 25. Nxg7 Rxg7 26. Bh6 Kg8 27. Bxg7
Qxg7 28. Qxg7+ Kxg7 29. c3 1-0

[Event "Women's Speed Chess Q6"]
[Site "chess.com INT"]
[Date "2021.06.05"]
[Round "11"]
[White "Pourkashiyan, Atousa"]
[Black "Tokhirjonova, Gulrukhbegim"]
[Result "1-0"]
[WhiteTitle "WGM"]
[BlackTitle "WGM"]
[WhiteElo "2322"]
[BlackElo "2344"]
[WhiteFideId "12502014"]
[BlackFideId "14203626"]
[EventDate "2021.06.05"]

1. e4 e5 2. Nf3 Nc6 3. Bb5 a6 4. Ba4 Nf6 5. O-O b5 6. Bb3 Bc5 7. c3 d6 8. d4 Bb6
9. h3 h6 10. a4 Bb7 11. Re1 O-O 12. d5 Ne7 13. Be3 Bxe3 14. Rxe3 Ng6 15. Nbd2
Nf4 16. Nf1 N6h5 17. Ng3 Qf6 18. Nxh5 Nxh5 19. g3 Qg6 20. Nh4 Qg5 21. Nf5 Kh7
22. h4 Qg6 23. Ne7 Qf6 24. Qxh5 Qxe7 25. Rf1 g6 26. Qe2 f5 27. f4 fxe4 28. Rxe4
Rf5 29. fxe5 Rxe5 30. Rxe5 dxe5 31. d6 Qxd6 32. Rf7+ Kh8 33. Qe3 g5 34. hxg5 Rg8
35. gxh6 e4 36. Kh2 c5 37. axb5 Bc8 38. Qf4 Qxf4 39. Rxf4 axb5 40. Bxg8 Kxg8 41.
Rxe4 Kh7 42. Re5 Kxh6 43. Rxc5 Bg4 44. Rxb5 1-0

[Event "Women's Speed Chess Q6"]
[Site "chess.com INT"]
[Date "2021.06.05"]
[Round "11"]
[White "Obregon Garcia, Roxangel"]
[Black "Zhuravleva, Olga"]
[Result "0-1"]
[WhiteTitle "WIM"]
[BlackTitle "WIM"]
[WhiteElo "2167"]
[BlackElo "2278"]
[WhiteFideId "3520420"]
[BlackFideId "4145933"]
[EventDate "2021.06.05"]

1. e4 e5 2. Nf3 Nc6 3. Bb5 f5 4. d3 Nf6 5. exf5 Bc5 6. O-O O-O 7. Bg5 Nd4 8.
Nxd4 exd4 9. Nd2 c6 10. Ba4 d5 11. c4 Bxf5 12. Qb3 h6 13. Bh4 Qb6 14. Bxf6 Rxf6
15. cxd5 cxd5 16. Qxd5+ Kh8 17. Ne4 Bxe4 18. Qxe4 Raf8 19. Bb3 Bd6 20. f3 Bf4
21. Rfe1 Qd6 22. h3 Be3+ 23. Kh1 b6 24. Qd5 Qg3 25. Re2 Bf4 26. Kg1 Qh2+ 27. Kf1
Qh1+ 28. Kf2 Qxa1 0-1

[Event "Women's Speed Chess Q6"]
[Site "chess.com INT"]
[Date "2021.06.05"]
[Round "11"]
[White "Kotepalli, Sai Nirupama"]
[Black "Berend, Elvira"]
[Result "1/2-1/2"]
[WhiteTitle "WFM"]
[BlackTitle "WGM"]
[WhiteElo "1914"]
[BlackElo "2326"]
[WhiteFideId "5039444"]
[BlackFideId "4000510"]
[EventDate "2021.06.05"]

1. e4 c5 2. Nf3 e6 3. d3 Nc6 4. g3 d6 5. Bg2 Nf6 6. O-O Be7 7. c3 e5 8. a3 O-O
9. b4 b6 10. Nbd2 Be6 11. b5 Na5 12. c4 a6 13. a4 axb5 14. axb5 h6 15. Bb2 Qd7
16. Nh4 Nh7 17. Nf5 Ra7 18. Nxe7+ Qxe7 19. f4 exf4 20. gxf4 f5 21. Qe2 Qf7 22.
exf5 Qxf5 23. Be4 Qg4+ 24. Qxg4 Bxg4 25. Bd5+ Kh8 26. Rf2 Nf6 27. Bg2 Bf5 28.
Ne4 Nxe4 29. Bxe4 Bxe4 30. dxe4 Re7 31. Rxa5 bxa5 32. e5 dxe5 33. Bxe5 Rd7 34.
Ra2 Ra8 35. b6 Rb7 36. Bc7 a4 37. Ra3 Kg8 38. Kf2 Kf7 39. Kf3 Ke6 40. Ke4 Ra6
41. f5+ Kf6 42. Kd5 Rbxb6 43. Bxb6 Rxb6 44. Rxa4 Kxf5 45. Kxc5 Rb2 46. Ra7 g5
47. h3 h5 48. Ra3 g4 49. hxg4+ hxg4 50. Kd6 Rd2+ 51. Kc6 Kf4 52. c5 g3 53. Ra1
g2 54. Kc7 Rf2 55. Rg1 Kf3 56. c6 Rc2 57. Kb7 Kf2 58. Rxg2+ Kxg2 59. c7 Rxc7+
60. Kxc7 1/2-1/2

[Event "Women's Speed Chess Q6"]
[Site "chess.com INT"]
[Date "2021.06.05"]
[Round "11"]
[White "Avramidou, Anastasia"]
[Black "Morris-Suzuki, Sophie"]
[Result "0-1"]
[WhiteTitle "FM"]
[BlackTitle "WFM"]
[WhiteElo "2238"]
[BlackElo "2043"]
[WhiteFideId "4239873"]
[BlackFideId "30922615"]
[EventDate "2021.06.05"]

1. d4 d5 2. c4 Nc6 3. Nf3 Bg4 4. e3 e5 5. cxd5 Qxd5 6. Nc3 Bb4 7. Be2 exd4 8.
O-O Bxc3 9. bxc3 d3 10. Bxd3 Bxf3 11. Qxf3 Qxd3 12. Rd1 Qg6 13. Ba3 Nge7 14.
Rab1 O-O 15. Rxb7 Rfd8 16. Rdb1 h6 17. h4 Nd5 18. h5 Qe6 19. e4 Ne5 20. Qg3 Nf6
21. Rxc7 Qxa2 22. Re1 Nd3 23. e5 Nxh5 24. Qf3 Nhf4 25. Re4 Qxa3 26. Rxf4 Qc1+ 0-1

[Event "Women's Speed Chess Q6"]
[Site "chess.com INT"]
[Date "2021.06.05"]
[Round "11"]
[White "Arpita, Mukherjee"]
[Black "Zaksaite, Salomeja"]
[Result "1-0"]
[WhiteTitle "WIM"]
[BlackTitle "WIM"]
[WhiteElo "2206"]
[BlackElo "2202"]
[WhiteFideId "5056403"]
[BlackFideId "12801496"]
[EventDate "2021.06.05"]

1. e4 c5 2. Nf3 e6 3. d4 cxd4 4. Nxd4 Nf6 5. Nc3 Nc6 6. Be2 d6 7. Be3 Be7 8. O-O
O-O 9. f4 a6 10. Qe1 Bd7 11. Nb3 b5 12. a3 Qc7 13. Qg3 b4 14. axb4 Nxb4 15. Rac1
Ba4 16. Bd4 Bc6 17. e5 Ne8 18. exd6 Bxd6 19. Kh1 a5 20. Nd2 f6 21. Nde4 Be7 22.
Bf3 Nd5 23. Nxd5 Bxd5 24. c4 Bc6 25. Rfd1 Qb7 26. Nd2 Bxf3 27. Nxf3 Nd6 28. Qh3
Nf5 29. Bf2 Qxb2 30. Bg1 a4 31. Nd4 a3 32. Nxe6 g6 33. Nxf8 Bxf8 34. Qf3 Rb8 35.
c5 a2 36. Ra1 Qa3 37. Qd5+ 1-0

[Event "Women's Speed Chess Q6"]
[Site "chess.com INT"]
[Date "2021.06.05"]
[Round "11"]
[White "Koridze, Lile"]
[Black "Golubenko, Valentina"]
[Result "1-0"]
[WhiteTitle "WFM"]
[BlackTitle "WGM"]
[WhiteElo "2016"]
[BlackElo "2209"]
[WhiteFideId "13612514"]
[BlackFideId "4501993"]
[EventDate "2021.06.05"]

1. d4 g6 2. c4 Bg7 3. Nc3 c5 4. Nf3 cxd4 5. Nxd4 Nc6 6. e3 Nf6 7. Bd3 d5 8. O-O
O-O 9. Nxc6 bxc6 10. cxd5 cxd5 11. Qe2 Rb8 12. h3 e5 13. Rd1 Be6 14. Bc2 Qc8 15.
Bb3 Rd8 16. Bd2 d4 17. Bxe6 Qxe6 18. Na4 d3 19. Qe1 e4 20. Bc3 Nd5 21. Bxg7 Kxg7
22. b3 Nb4 23. Nc5 Qd5 24. Qc3+ Kg8 25. a3 Nc2 26. Rac1 Nxa3 27. f3 Nb5 28. Qa5
d2 29. Rc4 exf3 30. Ne4 Qe5 31. Rxd2 Rxd2 32. Qxd2 fxg2 33. Kxg2 Re8 34. Qd7 f5
35. Ng5 Qe7 36. Qd5+ Kh8 37. h4 Nd6 38. Rc6 Ne4 39. Re6 Qf8 40. Qe5+ Qg7 41.
Rxe8# 1-0

[Event "Women's Speed Chess Q6"]
[Site "chess.com INT"]
[Date "2021.06.05"]
[Round "11"]
[White "Gevorgyan, Maria"]
[Black "Zakirova, Aisha"]
[Result "1-0"]
[WhiteTitle "WGM"]
[BlackTitle "WCM"]
[WhiteElo "2219"]
[BlackElo "1585"]
[WhiteFideId "13300270"]
[BlackFideId "13719734"]
[EventDate "2021.06.05"]

1. e4 c5 2. Nc3 Nc6 3. Bb5 Nd4 4. Bc4 d6 5. Nge2 Nf6 6. d3 g6 7. Nxd4 cxd4 8.
Ne2 e5 9. O-O Bg7 10. f4 O-O 11. Ng3 exf4 12. Bxf4 d5 13. exd5 Nxd5 14. Ne4 Ne3
15. Bxe3 dxe3 16. c3 Qb6 17. Kh1 Qxb2 18. Rb1 e2 19. Rxb2 exd1=Q 20. Rxd1 Bf5
21. Rxb7 Bxe4 22. dxe4 Rac8 23. Bd5 Rxc3 24. Rxa7 Be5 25. Rf1 Bf6 26. g3 Kg7 27.
a4 Ra3 28. a5 Bd4 29. Raxf7+ Rxf7 30. Rxf7+ Kh6 31. h4 Rxa5 32. g4 Ra1+ 33. Kg2
Rg1+ 34. Kh3 Rh1+ 35. Kg2 Rg1+ 36. Kh2 Rxg4 37. Kh3 Rg1 38. Rd7 Rh1+ 39. Kg3
Rg1+ 40. Kf3 Be5 41. Bg8 Rg3+ 42. Kf2 Ra3 43. Rxh7# 1-0

[Event "Women's Speed Chess Q6"]
[Site "chess.com INT"]
[Date "2021.06.05"]
[Round "11"]
[White "Kanyamarala, Trisha"]
[Black "Eswaran, Aksithi"]
[Result "1-0"]
[WhiteTitle "WIM"]
[BlackTitle "WCM"]
[WhiteElo "2180"]
[BlackElo "1745"]
[WhiteFideId "45004722"]
[BlackFideId "2083485"]
[EventDate "2021.06.05"]

1. e4 c5 2. Nf3 Nc6 3. Bb5 g6 4. c3 Bg7 5. O-O a6 6. Bxc6 dxc6 7. d3 e5 8. Be3
b6 9. h3 Qd6 10. Qe2 Ne7 11. Nbd2 O-O 12. Rad1 Rd8 13. Nc4 Qc7 14. d4 cxd4 15.
cxd4 exd4 16. Bxd4 b5 17. Bb6 Rxd1 18. Bxc7 Rxf1+ 19. Qxf1 bxc4 20. Qxc4 Be6 21.
Qc5 Bf8 22. Bd6 Re8 23. b3 h5 24. Nd4 Bd7 25. a4 Nc8 26. Bxf8 Rxf8 27. Nxc6 Re8
28. Ne5 Be6 29. b4 Ne7 30. b5 axb5 31. axb5 Kf8 32. Nc6 Bd7 33. Nxe7 Rxe7 34. b6
Ke8 35. b7 Rxe4 36. b8=Q+ 1-0

[Event "Women's Speed Chess Q6"]
[Site "chess.com INT"]
[Date "2021.06.05"]
[Round "11"]
[White "Bodnaruk, Anastasia"]
[Black "Antolak, Julia"]
[Result "1-0"]
[WhiteTitle "IM"]
[BlackTitle "WIM"]
[WhiteElo "2446"]
[BlackElo "2309"]
[WhiteFideId "4181751"]
[BlackFideId "1159569"]
[EventDate "2021.06.05"]

1. e4 c5 2. Nc3 e6 3. Nge2 d6 4. g3 Nc6 5. Bg2 Nf6 6. d3 g6 7. O-O Bg7 8. f4 O-O
9. h3 a6 10. g4 Nd7 11. f5 exf5 12. exf5 Nde5 13. Nd5 Re8 14. f6 Bf8 15. Ng3 Be6
16. Bg5 Rc8 17. Qd2 Qa5 18. c3 Qb5 19. Rad1 h6 20. Bxh6 Kh7 21. Bxf8 Rxf8 22.
Qg5 Rh8 23. Ne7 Nxe7 24. fxe7 Rce8 25. Ne4 Nd7 26. Nxd6 Qxb2 27. Nxf7 Qxc3 28.
Qh6+ Kg8 29. Qxg6+ Qg7 30. Nxh8 Kxh8 31. Qxe6 Rxe7 32. Qf5 Qd4+ 33. Kh1 Ne5 34.
Qh5+ Kg8 35. Rde1 Qxd3 36. Qg5+ Rg7 37. Qxe5 1-0

[Event "Women's Speed Chess Q6"]
[Site "chess.com INT"]
[Date "2021.06.05"]
[Round "11"]
[White "Grineva, Marianna"]
[Black "Varshini, V"]
[Result "0-1"]
[WhiteTitle "WFM"]
[BlackTitle "WGM"]
[WhiteElo "2029"]
[BlackElo "2226"]
[WhiteFideId "14102013"]
[BlackFideId "5091241"]
[EventDate "2021.06.05"]

1. e4 c5 2. Nf3 d6 3. d4 cxd4 4. Nxd4 Nf6 5. Nc3 a6 6. f3 e6 7. Be3 Be7 8. Qd2
Qc7 9. O-O-O b5 10. g4 Bb7 11. h4 Nc6 12. Kb1 Nd7 13. g5 Na5 14. h5 Ne5 15. Qe1
Rc8 16. f4 Nec4 17. Bc1 b4 18. Na4 e5 19. Bh3 exd4 20. Bxc8 Bxc8 21. Qxb4 d5 22.
Qe1 dxe4 23. Qxe4 Bb7 24. Qxd4 Bxh1 25. Qxg7 Rf8 26. Rxh1 Qc6 27. Re1 Qxa4 28.
g6 hxg6 29. h6 Qb5 30. h7 Na3+ 31. Ka1 Nxc2+ 32. Kb1 Nxe1 33. Qc3 Qd3+ 34. Qxd3
Nxd3 35. Bd2 Nc4 36. Bc3 f6 37. Kc2 Nc5 38. b3 Ne3+ 39. Kd2 Ne4+ 40. Kxe3 Nxc3
41. Kd4 Nxa2 42. Kd5 Nc1 43. Ke6 Nxb3 44. f5 gxf5 45. Kxf5 Rh8 46. Kg6 Rxh7 47.
Kxh7 f5 0-1

[Event "Women's Speed Chess Q6"]
[Site "chess.com INT"]
[Date "2021.06.05"]
[Round "11"]
[White "Agrest, Inna"]
[Black "Golubeva, Oksana"]
[Result "1-0"]
[WhiteTitle "WIM"]
[BlackTitle "WFM"]
[WhiteElo "2285"]
[BlackElo "2179"]
[WhiteFideId "1708830"]
[BlackFideId "4170164"]
[EventDate "2021.06.05"]

1. e4 e6 2. d4 d5 3. Nc3 Bb4 4. a3 Be7 5. Nf3 Nf6 6. Bd3 c5 7. e5 Nfd7 8. O-O
Nc6 9. Re1 g5 10. h3 h5 11. Nxd5 exd5 12. e6 Nf8 13. exf7+ Kxf7 14. dxc5 Be6 15.
b4 g4 16. b5 gxf3 17. Qxf3+ Bf6 18. bxc6 bxc6 19. Bb2 d4 20. Rad1 Qd5 21. Be4
Qg5 22. Bxd4 Rg8 23. Bxc6 Rd8 24. Bxf6 Qxg2+ 25. Qxg2 Rxg2+ 26. Kxg2 Rxd1 27.
Rxd1 Kxf6 28. Bf3 Ke5 29. c6 Bc8 30. Rd8 Ne6 31. Rxc8 h4 32. Ra8 Nf4+ 33. Kh2
Ne6 34. Rxa7 Kd6 35. c7 Nxc7 36. Rxc7 Kxc7 37. Be4 Kd6 38. Kg2 Ke5 39. Kf3 Kf6
40. Kg4 Kg7 41. Kxh4 Kh6 42. Kg4 Kg7 43. a4 Kh6 44. a5 Kg7 45. a6 Kh6 46. a7 Kg7
47. a8=Q Kh6 48. Qc6+ Kg7 49. Qd7+ Kf8 50. Kg5 Kg8 51. Kf6 Kh8 52. Qg7# 1-0

[Event "Women's Speed Chess Q6"]
[Site "chess.com INT"]
[Date "2021.06.05"]
[Round "11"]
[White "Padmini, Rout"]
[Black "Mendoza, Shania Mae"]
[Result "1-0"]
[WhiteTitle "IM"]
[BlackTitle "WFM"]
[WhiteElo "2370"]
[BlackElo "2158"]
[WhiteFideId "5029295"]
[BlackFideId "5211158"]
[EventDate "2021.06.05"]

1. e4 e5 2. Nf3 Nc6 3. Bc4 Nf6 4. d3 Be7 5. O-O O-O 6. c3 d5 7. exd5 Nxd5 8. Re1
Bf6 9. Nbd2 Bf5 10. Ne4 Bxe4 11. dxe4 Nb6 12. Bb3 Qxd1 13. Rxd1 Rad8 14. Kf1 h6
15. Ke2 g5 16. h3 Kg7 17. Nh2 Ne7 18. Ng4 Ng6 19. g3 h5 20. Ne3 Ne7 21. a4 c6
22. a5 Nd7 23. Bc2 Nc5 24. Rg1 Ne6 25. b4 Nd4+ 26. cxd4 exd4 27. Ra3 dxe3 28.
Bxe3 a6 29. f4 Bd4 30. fxg5 Ng6 31. Rd3 Bxe3 32. Kxe3 Ne5 33. Rdd1 Rfe8 34. Bb3
Kg6 35. h4 Ng4+ 36. Kf4 Nf2 37. Rxd8 Rxd8 38. Rf1 Nd3+ 39. Ke3 Nxb4 40. Rf6+ Kg7
41. Rxf7+ Kg6 42. Rf6+ Kg7 43. Be6 Rd3+ 44. Kf4 Rd1 45. Rf7+ Kg6 46. Rxb7 Nd3+
47. Ke3 Nc5 48. Bf5# 1-0

[Event "Women's Speed Chess Q6"]
[Site "chess.com INT"]
[Date "2021.06.05"]
[Round "11"]
[White "Balabayeva, Xeniya"]
[Black "Starosta, Martyna"]
[Result "1-0"]
[WhiteTitle "WFM"]
[BlackTitle "WCM"]
[WhiteElo "2116"]
[BlackElo "1910"]
[WhiteFideId "13719688"]
[BlackFideId "21818754"]
[EventDate "2021.06.05"]

1. e4 c5 2. Nf3 d6 3. Bb5+ Bd7 4. Bxd7+ Qxd7 5. O-O Nc6 6. c3 Nf6 7. Re1 g6 8.
d4 cxd4 9. cxd4 Bg7 10. Nc3 O-O 11. h3 Rfd8 12. Bf4 Nxd4 13. Nxd4 e5 14. Bg5
exd4 15. Qxd4 Qe6 16. Qd2 Re8 17. Rad1 Rad8 18. Bxf6 Qxf6 19. Re2 b6 20. Nd5 Qh4
21. Rde1 Re6 22. Kh2 Be5+ 23. f4 Bg7 24. g3 Qh5 25. f5 gxf5 26. exf5 Rxe2+ 27.
Rxe2 Kh8 28. f6 Bh6 29. Qd3 Rg8 30. Ne7 Re8 31. g4 Qc5 32. Nf5 Rxe2+ 33. Qxe2
Bf4+ 34. Kg2 Qd5+ 35. Qf3 Qd2+ 36. Kf1 Be5 37. Qa8# 1-0

[Event "Women's Speed Chess Q6"]
[Site "chess.com INT"]
[Date "2021.06.05"]
[Round "11"]
[White "Tania, Sachdev"]
[Black "Nguyen, Hong Ngoc"]
[Result "0-1"]
[WhiteTitle "IM"]
[BlackTitle "WCM"]
[WhiteElo "2392"]
[BlackElo "1957"]
[WhiteFideId "5007844"]
[BlackFideId "12403083"]
[EventDate "2021.06.05"]

1. d4 d5 2. c4 c6 3. Nf3 Nf6 4. Nc3 a6 5. e3 b5 6. b3 Bg4 7. Be2 e6 8. O-O Nbd7
9. Qc2 Be7 10. Bb2 O-O 11. Ne5 Nxe5 12. dxe5 Bf5 13. Bd3 Bxd3 14. Qxd3 Nd7 15.
Ne2 Qb6 16. cxd5 cxd5 17. Bd4 Qb7 18. f4 Nc5 19. Qd1 Rac8 20. Ng3 Ne4 21. Qg4
Bc5 22. Nh5 g6 23. Nf6+ Kg7 24. Qh4 h6 25. Rf3 Bxd4 26. exd4 Qa7 27. Rd1 Rh8 28.
h3 Rhd8 29. Ng4 Rh8 30. Nf6 Rhd8 31. g4 Nxf6 32. exf6+ Kh7 33. f5 exf5 34. g5 h5
35. Rxf5 Rc2 36. Re5 Rd7 37. Qg3 Qc7 38. Qe3 Rxa2 39. Rd2 Qc1+ 0-1

[Event "Women's Speed Chess Q6"]
[Site "chess.com INT"]
[Date "2021.06.05"]
[Round "11"]
[White "Nemcova, Katerina"]
[Black "Nandhidhaa, P V"]
[Result "0-1"]
[WhiteTitle "WGM"]
[BlackTitle "WGM"]
[WhiteElo "2331"]
[BlackElo "2365"]
[WhiteFideId "322750"]
[BlackFideId "5050847"]
[EventDate "2021.06.05"]

1. e4 c5 2. Nf3 e6 3. b3 Nc6 4. Bb2 a6 5. Be2 Nf6 6. e5 Nd5 7. O-O Be7 8. Nc3
Nf4 9. Ne4 O-O 10. c4 Qc7 11. Re1 Ng6 12. Bf1 b6 13. Nf6+ gxf6 14. exf6 Bd6 15.
g3 h6 16. d3 Bb7 17. Qd2 Kh7 18. Re4 Nd4 19. Ng5+ hxg5 20. Bxd4 Bxe4 21. Qxg5
Rh8 22. dxe4 cxd4 23. Rd1 e5 24. Bg2 Qd8 25. f4 Qf8 26. f5 Qh6 27. fxg6+ fxg6
28. Qg4 Rad8 29. Rf1 Kg8 30. f7+ Kf8 31. Qf3 Be7 32. h4 Qe3+ 33. Kh2 Qxf3 34.
Bxf3 d6 35. Bg2 Rh7 36. Bf3 Rxf7 37. Bg4 Rxf1 38. Be6 Rf2+ 39. Kh3 Kg7 0-1

[Event "Women's Speed Chess Q6"]
[Site "chess.com INT"]
[Date "2021.06.05"]
[Round "11"]
[White "Mkrtchian, Lilit"]
[Black "Vantika, Agrawal"]
[Result "1/2-1/2"]
[WhiteTitle "IM"]
[BlackTitle "WIM"]
[WhiteElo "2388"]
[BlackElo "2286"]
[WhiteFideId "13300601"]
[BlackFideId "25050389"]
[EventDate "2021.06.05"]

1. e4 c5 2. Nc3 Nc6 3. Nge2 e6 4. d4 cxd4 5. Nxd4 Qc7 6. a3 a6 7. Be3 b5 8. Nxc6
Qxc6 9. Be2 Bb7 10. O-O Bc5 11. Qd2 Ne7 12. Rad1 Bxe3 13. Qxe3 O-O 14. Bf3 Qc7
15. Rd2 Ng6 16. Rfd1 Ne5 17. Be2 Rad8 18. f4 Ng6 19. e5 f6 20. Rd6 fxe5 21. fxe5
Nf4 22. Bf1 Rf5 23. Qb6 Nh3+ 24. gxh3 Rg5+ 25. Kf2 Rf8+ 26. Ke1 Rxe5+ 27. Be2
Qc4 28. Qxb7 Qh4+ 29. Kd2 Qf4+ 30. Ke1 Qf2+ 31. Kd2 Qe3+ 32. Ke1 Qg1+ 33. Kd2
Qg5+ 34. Ke1 Qh4+ 35. Kd2 Qf4+ 36. Ke1 Qxh2 37. Rxd7 Qg1+ 38. Kd2 Qe3+ 39. Ke1
Qg3+ 40. Kd2 Qe3+ 41. Ke1 Qf2+ 42. Kd2 Qe3+ 1/2-1/2

[Event "Women's Speed Chess Q6"]
[Site "chess.com INT"]
[Date "2021.06.05"]
[Round "11"]
[White "Gaponenko, Inna"]
[Black "Szente Varga, Fruzsina"]
[Result "1-0"]
[WhiteTitle "IM"]
[BlackTitle "WFM"]
[WhiteElo "2357"]
[BlackElo "2100"]
[WhiteFideId "14101181"]
[BlackFideId "712264"]
[EventDate "2021.06.05"]

1. e4 e5 2. Nf3 Nc6 3. Bb5 a6 4. Bxc6 dxc6 5. O-O f6 6. d4 exd4 7. Nxd4 c5 8.
Ne2 Qxd1 9. Rxd1 Bd6 10. Bf4 Bxf4 11. Nxf4 Bd7 12. Nc3 O-O-O 13. Ncd5 b6 14. f3
Kb7 15. Nh5 f5 16. Nxg7 Nh6 17. e5 Rhg8 18. Nh5 Be6 19. Ndf6 Rxd1+ 20. Rxd1 Rg5
21. a3 f4 22. Re1 Nf7 23. Nxf4 Bf5 24. e6 Bxe6 25. Nxe6 Rf5 26. Nxh7 Nd6 27. b3
c4 28. Nhg5 cxb3 29. cxb3 Rb5 30. Re3 a5 31. a4 Rb4 32. Ne4 Nf5 33. Rd3 c5 34.
g4 Nh4 35. Kf2 c4 36. Nd6+ Kc6 37. Nxc4 b5 38. axb5+ Kxb5 39. Nd4+ Kc5 40. Kg3
Ng6 41. h4 a4 42. Ne6+ Kb5 43. Nd6+ Kc6 44. bxa4 Ne5 45. Rc3+ Kxd6 46. Nf4 Rxa4
47. h5 Ke7 48. Ng6+ Nxg6 49. hxg6 Kf6 50. Rc6+ Kg5 51. g7 Ra8 52. f4# 1-0

[Event "Women's Speed Chess Q6"]
[Site "chess.com INT"]
[Date "2021.06.05"]
[Round "11"]
[White "Kairbekova, Amina"]
[Black "Dauletova, Gulmira"]
[Result "0-1"]
[WhiteTitle "WFM"]
[BlackTitle "WGM"]
[WhiteElo "2132"]
[BlackElo "2257"]
[WhiteFideId "13712799"]
[BlackFideId "13702971"]
[EventDate "2021.06.05"]

1. e4 e5 2. Nf3 Nc6 3. Nc3 Nf6 4. Be2 Be7 5. d4 exd4 6. Nxd4 d6 7. Be3 O-O 8. f3
Re8 9. O-O Bf8 10. Qd2 Ne5 11. Kh1 a6 12. Bg5 h6 13. Bxf6 Qxf6 14. Nd5 Qd8 15.
f4 Ng6 16. f5 Ne5 17. f6 g6 18. Nf3 Ng4 19. Nh4 Rxe4 20. Nxg6 fxg6 21. f7+ Kg7
22. Bxg4 Bxg4 23. Qc3+ Re5 24. Nf6 Bf5 25. Ne8+ Kxf7 26. Nxc7 Rc8 27. Qb3+ Kg7
28. Nd5 Be6 29. Qxb7+ Qd7 30. Qxd7+ Bxd7 31. Nb6 Rc7 32. Rf2 Bf5 33. Raf1 Rb5
34. g4 Rxb6 35. gxf5 gxf5 36. Rxf5 Be7 37. Rf7+ Kg6 38. R7f4 Rxb2 39. h4 Rbxc2
40. Rg1+ Bg5 41. hxg5 hxg5 42. Rfg4 Rh7+ 0-1

[Event "Women's Speed Chess Q6"]
[Site "chess.com INT"]
[Date "2021.06.05"]
[Round "11"]
[White "Pandey, Srishti"]
[Black "Nanditha, V"]
[Result "1/2-1/2"]
[WhiteTitle "WFM"]
[BlackTitle "WCM"]
[WhiteElo "2026"]
[BlackElo "1666"]
[WhiteFideId "35093290"]
[BlackFideId "46626697"]
[EventDate "2021.06.05"]

1. e4 c6 2. d4 d5 3. exd5 cxd5 4. c4 Nf6 5. Nf3 Nc6 6. Nc3 e6 7. Be3 a6 8. Rc1
dxc4 9. Bxc4 b5 10. Bb3 Bb7 11. O-O Nb4 12. Ne5 Be7 13. Qe2 Nbd5 14. Rfd1 O-O
15. Bg5 Rc8 16. Nxd5 Nxd5 17. Rxc8 Bxc8 18. Nc6 Qd7 19. Nxe7+ Nxe7 20. Bxe7 Qxe7
21. d5 Rd8 22. Qe1 e5 23. Qe3 Qd6 24. Re1 f6 25. Qa7 h6 26. Rc1 Bf5 27. Rc6 Qb4
28. h3 Qe1+ 29. Kh2 Kh7 30. Rc7 Ra8 31. Rxg7+ Kh8 32. Qe7 Qxf2 33. Qxf6 Qf4+ 34.
Kh1 Qf1+ 35. Kh2 Qf4+ 36. Kg1 Qc1+ 37. Kf2 Qf4+ 38. Ke1 Qe3+ 39. Kd1 Qd4+ 40.
Ke2 Qd3+ 41. Kf2 Qd4+ 42. Kf1 Qf4+ 43. Kg1 Qc1+ 44. Kh2 Qf4+ 1/2-1/2